000 00693nam a2200217Ii 4500
003 JO-AjNU
008 230605s9999||||xx |||||||||||||| ||und||
017 _a1977/4512
020 _a977-201-369
040 _aJO-AjNU
_bara
_erda
_cJO-AjNU
041 _aara
050 1 4 _aPJ7864 1977
100 3 _aمحمد، عبدالمقصود,
_eauthor
_949332
245 0 0 _aإذا جاء الشفق: رواية
264 3 1 _aالقاهرة: الهيئة المصرية العامة للكتاب ، 1977
300 _a162ص
336 _atext
_btxt
_2rdacontent
337 _aunmediated
_bn
_2rdamedia
338 _avolume
_bnc
_2rdacarrier
650 4 _aالأدب العربي - روايات
_949333
999 _aA21661
_c25229
_d25229